00755 a2200145 4500003000500000005001700005040000900022082001200031100001900043245006500062260002700127300001000154505043100164650001400595Nust20230504104339.0 cNust a962,WHE aWheelock,Keith aNasser`s New Egypt: bA critical Analysis / cKeith Wheelock aLondonbAtlantic Books a326:p aPrelude to Takeover (Page-1), Coup and Consolidation (Page-12), The Entrenchment of the Military Regime (Page-37), Agriculture and Agrarian Reform (Page-74), Education and Social Development (Page-109), Economics and Industriazation (Page-137), The High Dam (Page-173), Prelude to Nasserism (Page-206), The West At Bay (Page-228), The Tactics of Positive Neutrality (Page-249), Nasser’s New Egypt in Perspective (Page-277). aNew Egypt